000 00626nam a22002057a 4500
003 UA-OsUOA
001 9931
007 ta
008 20041129b un ||||| |||| 00| 0 ukr d
100 _aНегода М.
942 _cSA
040 _aUA-OsUOA
_bukr
_cUA-OsUOA
_dUA-OsUOA
245 _aЗасвітив свою зорю
_b[ Про кн. Г.Білоуса " Слова, слова, спасіте наші душі ! " ]
300 _aС.6
955 _a0
041 _aukr
044 _aUA
773 0 _w0
_tЛітературна Україна
_dКиїв
_d2004
_g№46 /25листоп./
650 7 _aБілоус Г.
_2UDC
999 _c296092
_d296092